[Event "20th Belgrade Trophy"]
[Site "Belgrade SRB"]
[Date "2007.11.29"]
[Round "8"]
[White "Marcetic,N"]
[Black "Krgovic,V"]
[Result "1/2-1/2"]
[WhiteElo "2379"]
[BlackElo "2214"]

1.d4 d5 2.Bg5 Nf6 3.Bxf6 exf6 4.e3 Bd6 5.c4 dxc4 6.Bxc4 O-O 7.Nc3 c6 8.Qf3 Be6
9.Bd3 Re8 10.Nge2 Nd7 11.g4 Qa5 12.Kf1 Nf8 13.h4 Rad8 14.Rg1 Be7 15.Nf4 Qb4
16.Qe2 Bd6 17.Nxe6 Nxe6 18.Qc2 Nf8 19.a3 Qb6 20.g5 fxg5 21.hxg5 Ng6 22.Rc1 Bb8
23.b4 Qc7 24.Rh1 Qe7 25.Rh5 Qe6 26.Bf5 Qd6 27.Rh3 Qe7 28.Rh5 Qd6 29.Re1 Re7
30.Ne4 Qd5 31.Nf6+ gxf6 32.gxf6 Re6 33.Bxg6 hxg6 34.Rxd5 Rxd5 35.Ke2 Rxf6
36.Rh1 Re6 37.Kd3 Be5 38.f4 Bg7 39.Qh2 Re8 40.Rf1 f5 41.Rg1 Kf7 42.a4 a6
43.Qa2 Rxe3+ 44.Kxe3 Bxd4+ 45.Kf3 Bxg1 46.b5 axb5 47.axb5 Bc5 48.Qa8 Rd3+
49.Kg2 Rd2+ 50.Kf1 cxb5 51.Qxb7+ Be7 52.Qxb5 Rd6 53.Qc4+ Re6 54.Kg2 Kf6 55.Kf3 Re4
56.Qg8 Re6 57.Qh8+ Kf7 58.Qh7+  1/2-1/2

[Event "20th Belgrade Trophy"]
[Site "Belgrade SRB"]
[Date "2007.11.29"]
[Round "8"]
[White "Popovic,Milo2"]
[Black "Kahrovic,M"]
[Result "1/2-1/2"]
[WhiteElo "2419"]
[BlackElo "2270"]

1.d4 Nf6 2.Bg5 d5 3.Bxf6 exf6 4.e3 Be6 5.Nd2 c6 6.c3 Qb6 7.Qb3 Nd7 8.Bd3 Bd6
9.Ngf3 O-O 10.O-O Rfe8 11.Qc2 g6 12.c4 dxc4 13.Nxc4 Qc7 14.Nxd6 Qxd6 15.Nd2 f5
16.b4 a5 17.bxa5 Rxa5 18.Nc4 Bxc4 19.Bxc4 Nb6 20.Bb3 Nd5 21.Rae1 Rea8  1/2-1/2

[Event "Four Nations Jr Teams"]
[Site "Oslo NOR"]
[Date "2007.12.02"]
[Round "3"]
[White "Urkedal,F"]
[Black "Agrest,I"]
[Result "0-1"]
[WhiteElo "2281"]
[BlackElo "2121"]

1.d4 Nf6 2.Bg5 c5 3.d5 Qb6 4.Bc1 e5 5.Nc3 d6 6.e4 Be7 7.Nf3 O-O 8.Be2 Ne8
9.Nd2 f5 10.exf5 Bxf5 11.Bg4 Bg6 12.O-O Nf6 13.Be6+ Kh8 14.Nc4 Qd8 15.Be3 Na6
16.Bh3 Nc7 17.Bxc5 b5 18.Nxe5 Bh5 19.Qd3 dxc5 20.Nc6 c4 21.Qd4 Qd6 22.Rfe1 Bd8
23.Be6 Be8 24.Ne4 Nxe4 25.Qxe4 Nxe6 26.Qxe6 Qxe6 27.Rxe6 Bxc6 28.dxc6 Bb6
29.Rf1 Rad8 30.g3 h6 31.Kg2 Rd2 32.Kh3 Rxc2 33.Rfe1 Rcxf2 34.Re8 Kh7 35.Rxf8 Rxf8
36.Re6 Bd4 37.a4 bxa4 38.Re4 Bxb2 39.Rxc4 a3 40.Ra4 Rc8 41.Ra6 Rxc6  0-1

[Event "Open"]
[Site "Ascona SUI"]
[Date "2007.12.07"]
[Round "8"]
[White "Stojanovic,An"]
[Black "Sabirova,O"]
[Result "0-1"]
[WhiteElo "2274"]
[BlackElo "2256"]

1.d4 Nf6 2.Bg5 c5 3.d5 Qb6 4.Bc1 g6 5.Nc3 Bg7 6.e4 d6 7.Be2 O-O 8.Nf3 Qd8
9.O-O Na6 10.Nd2 Nc7 11.a4 b6 12.Nc4 Rb8 13.f4 Bb7 14.Ra3 Ba8 15.Rb3 e6 16.Bf3 exd5
17.exd5 Na6 18.Nb5 Rb7 19.Rd3 Nb4 20.Rd2 Rd7 21.c3 Na2 22.Rd3 Nxc1 23.Qxc1 a6
24.Nba3 Re8 25.Re1 Rde7 26.Rxe7 Rxe7 27.Re3 Bxd5 28.Bxd5 Nxd5 29.Rd3 Nf6
30.Rxd6 Qe8 31.Nc2 b5 32.Qd1 Rd7 33.Rxd7 Qxd7 34.Qxd7 Nxd7 35.axb5 axb5 36.Nd6 b4
37.cxb4 cxb4 38.b3 Bf8 39.Nb5 Bc5+ 40.Kf1 f5 41.Ke2 Nf6 42.Kd3 Nh5 43.Kc4 Bg1
44.h3 Nxf4 45.g4 Nxh3 46.gxf5 gxf5 47.Kd5 f4 48.Ke4 Bc5 49.Nc7 Kf7 50.Nd5 Bd6
51.Ncxb4 Ke6 52.Nd3 Ng5+ 53.Kd4 Nf3+ 54.Ke4 Nd2+ 55.Kd4 Nxb3+ 56.Ke4 Nd2+
57.Kd4 Nf3+ 58.Ke4 Ng5+ 59.Kd4 Kf5 60.Nf2 h5 61.Kd3 Bc5 62.Nh1 Ne4 63.Ke2 Kg4
64.Kf1 Kf3 65.Nxf4 Kxf4 66.Kg2 Kg4 67.Kh2 h4 68.Kg2 h3+ 69.Kh2 Bd6+ 70.Kg1 Kf3
71.Kf1 Bc5  0-1

[Event "Bundesliga 2007-8"]
[Site "Bindlach GER"]
[Date "2007.12.07"]
[Round "7"]
[White "Schneider,Il"]
[Black "Voekler,B"]
[Result "1/2-1/2"]
[WhiteElo "2442"]
[BlackElo "2371"]

1.d4 Nf6 2.Bg5 d5 3.Bxf6 exf6 4.e3 Bd6 5.g3 O-O 6.Bg2 c6 7.Ne2 f5 8.O-O Nd7
9.Nd2 Nf6 10.c4 Be6 11.Qc2 g6 12.Rac1 h5 13.h4 Kg7 14.cxd5 Bxd5 15.Bxd5 Nxd5
16.Nc4 Bc7 17.Qb3 Rb8 18.Nf4 Re8 19.Ne5 Bxe5 20.dxe5 Rxe5 21.Rfd1 Qb6 22.Nxd5 Qxb3
23.axb3 Rxd5 24.Rxd5 cxd5 25.Rc5 Rd8 26.Rc7 b5 27.Rxa7 d4 28.exd4 Rxd4 29.Rc7 f4
30.Kf1 Rd2 31.gxf4 Rxb2 32.Rc3 b4 33.Rd3 Kf6 34.Kg2 Rb1 35.Kf3 Ke6 36.Ke4 Rh1
37.Rd4 Rxh4 38.Rxb4 g5 39.Rb6+ Ke7 40.Kf5  1/2-1/2

[Event "TCh-HUN 2007-8"]
[Site "Budapest HUN"]
[Date "2007.12.09"]
[Round "4"]
[White "Honos,A"]
[Black "Nagy,Ervin1"]
[Result "1-0"]
[WhiteElo "2298"]
[BlackElo "2295"]

1.d4 Nf6 2.Bg5 d5 3.Bxf6 exf6 4.e3 c6 5.c4 Bb4+ 6.Nc3 O-O 7.cxd5 cxd5 8.Bd3 Nc6
9.Ne2 Re8 10.O-O Bg4 11.Qb3 Bxe2 12.Nxe2 Qd6 13.Rac1 Ne7 14.Rc2 a6 15.Rfc1 Ba5
16.Qa4 Qd8 17.Nf4 b5 18.Qa3 Bb6 19.Be2 Qd7 20.Bf3 Red8 21.Qb3 Qd6 22.Nd3 g6
23.Nb4 Ra7 24.Nc6 Nxc6 25.Rxc6 Rc7 26.Bxd5 Rdc8 27.Rxc7 Rxc7 28.Rxc7 Qxc7
29.Qc3 a5 30.Bc6 b4 31.Qc4 Qe7 32.Bd5 Kg7 33.g3 f5 34.Qc6 Bc7 35.Kf1 h6 36.Qc5 Qd8
37.h4 Bd6 38.Qb5 Bc7 39.Ke2 Qd6 40.Qc5 Qd7 41.Bc4 Qd8 42.h5 Qd6 43.Qb5 Qe7
44.Qd5 Kf6 45.Qa8 Qd8 46.Qc6+ Kg7 47.hxg6 fxg6 48.Qe6 h5 49.Qf7+ Kh6 50.Bd3 Qd6
51.Bc4 Bd8 52.Qg8 Bf6 53.Bf7 Bg7 54.Qa8 Qc7 55.Qd5 Qb6 56.b3 Bf8 57.Bg8 Bg7
58.Be6 Bf6 59.Bf7 Kg7 60.Be8 Kh6 61.Kd3 Qa6+ 62.Qc4 Qd6 63.Qf7 Bg7 64.Kc4 Qf6
65.Kb5 f4 66.Qxf6 Bxf6 67.gxf4 Bh4 68.d5 Bd8 69.Kc6 h4 70.Bd7 Kg7 71.e4 g5
72.fxg5 Bxg5 73.Bg4 Bf4 74.Kb6 Kf6 75.Kxa5 Bd6 76.f4 Bxf4 77.Kxb4 Bd6+ 78.Kc4 Ke5
79.Bf5 Ba3 80.b4 Kd6 81.Kb3 Bc1 82.a4 Bf4 83.Kc4 Kc7 84.Kb5 Kb7 85.Kc5 Kc7
86.Bh3 Bg3 87.Bg2 Bf2+ 88.Kb5 Bg3 89.Ka6 Be5 90.a5 Bg3 91.b5 Bf4 92.Ka7 Be3+
93.b6+ Kd6 94.Kb7  1-0

[Event "TCh-HUN 2007-8"]
[Site "Budapest HUN"]
[Date "2007.12.09"]
[Round "4"]
[White "Vass,F"]
[Black "Berczes,C"]
[Result "1-0"]
[WhiteElo "2417"]
[BlackElo "2419"]

1.d4 Nf6 2.Bg5 d5 3.Nf3 c5 4.e3 Ne4 5.Nbd2 Nxg5 6.Nxg5 e5 7.Ngf3 exd4 8.exd4 c4
9.Be2 Be7 10.O-O O-O 11.c3 Nc6 12.b3 cxb3 13.axb3 Bf5 14.Re1 Rc8 15.Nf1 a6
16.Bd3 Bxd3 17.Qxd3 Bf6 18.Ne3 Na7 19.c4 dxc4 20.bxc4 Qd6 21.Nf5 Qc7 22.Nd2 Qd7
23.Qh3 Kh8 24.Ne4 Rc6 25.d5 Rxc4 26.Nxf6 gxf6 27.Qh6  1-0

[Event "Parsvnath ch-Commonwealth"]
[Site "New Delhi IND"]
[Date "2007.12.09"]
[Round "9"]
[White "Bhakti,K"]
[Black "Prakash,R"]
[Result "0-1"]
[WhiteElo "2112"]
[BlackElo "2286"]

1.d4 Nf6 2.Bg5 g6 3.Bxf6 exf6 4.g3 Bg7 5.Bg2 d5 6.e3 c6 7.Ne2 Qb6 8.b3 h5
9.Qd3 Bf5 10.e4 dxe4 11.Bxe4 Bxe4 12.Qxe4+ Kf8 13.Nd2 f5 14.Qf4 c5 15.Nc4 Qd8
16.Rd1 cxd4 17.Nxd4 Qe8+ 18.Kf1 h4 19.Qc7 Nc6 20.Nf3 hxg3 21.fxg3 Rd8 22.Kf2 Bc3
23.Qxb7 Nd4 24.Nce5 Kg7 25.Rd3 Nxf3 26.Nxf3 Rxd3 27.cxd3 Qe6 28.Qxa7 Re8
29.Rf1 Qe2+ 30.Kg1 Qxd3 31.Rf2 Qb1+ 32.Kg2 Qe4 33.h4 Rd8 34.Kh2 Rd1 35.Qa6 Bd4
36.Rf1 Rd3 37.Nxd4 Rd2+ 38.Ne2 Rxe2+ 39.Qxe2 Qxe2+ 40.Kg1 Qxa2 41.Rf3 Qe2
42.Rf2 Qe3 43.Kg2 Qxb3 44.Rf4 Kf6 45.Rf3 Qb2+ 46.Rf2 Qd4 47.Kh2 Ke5 48.Kg1 Qg4
49.Kh2 f6 50.Rf1 Ke4 51.Rf2 Ke3 52.Kg2 Qe4+ 53.Kg1 g5 54.hxg5 fxg5 55.Rf1 Qc2
56.Kh1 g4 57.Rf4 Qd1+ 58.Kh2 Qc2+ 59.Kg1 Qb1+ 60.Kh2 Qe4 61.Rf1 Ke2 62.Rf2+ Ke3
63.Rf1 Qf3 64.Ra1 Qf2+ 65.Kh1 Qxg3 66.Ra3+ Kf4 67.Ra4+ Kg5  0-1

[Event "ch-Central Serbia"]
[Site "Vrnjacka Banja SRB"]
[Date "2007.12.10"]
[Round "1"]
[White "Jovanovic,Miro1"]
[Black "Marcetic,P"]
[Result "1/2-1/2"]
[WhiteElo "2052"]
[BlackElo "2219"]

1.d4 Nf6 2.Bg5 c5 3.Bxf6 gxf6 4.c3 cxd4 5.cxd4 Qb6 6.Qd2 Bh6 7.e3 d6 8.Nc3 Nc6
9.f4 Bd7 10.Nf3 f5 11.Be2 Rg8 12.g3 Bg7 13.O-O-O Rc8 14.Kb1 Qa5 15.a3 Qb6
16.Nd5 Qb3 17.Nc3 Na5 18.Na2 Nc4 19.Bxc4 Rxc4 20.Qd3 Qb5 21.Nd2 Rc8 22.Qxb5 Bxb5
23.Nb3 Kd7 24.Rc1 Bc6 25.Rhd1 Be4+ 26.Ka1 h5 27.Nc3 Bf3 28.Rf1 Bg4 29.Rf2 h4
30.Rfc2 hxg3 31.hxg3 Bf3 32.Nb5 Rxc2 33.Rxc2 a6 34.Nc3 Bf6 35.Nd2 Bg2 36.Ne2 Rh8
37.Nc4 Rh1+ 38.Rc1 Rxc1+ 39.Nxc1 b5 40.Nd2 e5 41.dxe5 dxe5 42.Kb1 Kd6 43.Kc2 Kd5
44.b4 Be4+ 45.Kb3 exf4 46.gxf4 Bh4 47.Ne2 Bd3 48.Nc3+ Ke6 49.Nf3 Bf6 50.Nd4+ Kd6
51.Kb2  1/2-1/2

[Event "TCh-HUN 2007-8"]
[Site "Budapest HUN"]
[Date "2007.12.16"]
[Round "5"]
[White "Nagy,Danie"]
[Black "Prohaszka,P2"]
[Result "1/2-1/2"]
[WhiteElo "2265"]
[BlackElo "2470"]

1.d4 Nf6 2.Bg5 d5 3.Bxf6 gxf6 4.Nf3 c5 5.e3 Nc6 6.c4 dxc4 7.d5 Na5 8.Na3 Bg7
9.Nxc4 O-O 10.Qd2 Nxc4 11.Bxc4 Qd6 12.O-O f5 13.Rfe1 Rd8 14.Qc2 b5 15.Bf1 a6
16.Rad1 Ra7 17.b3 Rc7 18.e4 fxe4 19.Qxe4 Bb7 20.Bd3 Qh6 21.Bb1 Rcd7 22.Qc2 Bxd5
23.Qxc5 Bf6 24.Be4 Qh5 25.h3 e6 26.Rd2  1/2-1/2

[Event "ch-Hafnarfjordur"]
[Site "Reykjavik ISL"]
[Date "2007.12.16"]
[Round "6"]
[White "Thorfinnsson,Bj"]
[Black "Thorgeirsson,S"]
[Result "1-0"]
[WhiteElo "2323"]
[BlackElo "2061"]

1.d4 d5 2.Bg5 Nf6 3.Nd2 Nbd7 4.e3 e5 5.c3 c5 6.Ngf3 Bd6 7.Bb5 Qb6 8.Qb3 e4
9.Ne5 c4 10.Bxc4 Bxe5 11.dxe5 Nxe5 12.Bxf6 Qxf6 13.Bb5+ Nc6 14.Qxd5 O-O 15.Nxe4 Qg6
16.Ng3 Be6 17.Qe4 f5 18.Qf4 Rad8 19.Be2 Ne7 20.Bc4 Qf7 21.Bxe6 Qxe6 22.O-O Rd2
23.Qb4 Nc6 24.Qxb7 Rb8 25.Qc7 Rbxb2 26.Rad1 Rxa2 27.Rxd2 Rxd2 28.Nxf5 Qxf5
29.Qxc6 a5 30.e4 Qf8 31.Qb5 Qa8 32.e5 a4 33.e6 Rd8 34.Ra1 a3 35.e7 Rb8 36.Rxa3  1-0

[Event "7th Amplico AIG Life"]
[Site "Warsaw POL"]
[Date "2007.12.16"]
[Round "11"]
[White "Nguyen,P"]
[Black "Shkuran,D"]
[Result "0-1"]
[WhiteElo "2257"]
[BlackElo "2429"]

1.d4 d5 2.Bg5 Nf6 3.Bxf6 exf6 4.g3 Bd6 5.Bg2 c6 6.Nf3 O-O 7.O-O Re8 8.c4 dxc4
9.Nfd2 Bg4 10.Re1 Bb4 11.a3 Ba5 12.h3 Bh5 13.g4 Bg6 14.e3 Nd7 15.Nc3 Bd3
16.Nb3 f5 17.Nc1 fxg4 18.hxg4 Bg6 19.f4 h5 20.gxh5 Bh7 21.Qe2 Qh4 22.Kf1 Nf6
23.Bf3 Ne4 24.Bxe4 Bxe4 25.Qf2 Qxh5 26.Qg3 Re6 27.N1e2 Rg6 28.Nxe4 Rxg3 29.N2xg3 Qf3+
30.Kg1 Bxe1 31.Rxe1 f5  0-1

[Event "Open A"]
[Site "Zadar CRO"]
[Date "2007.12.16"]
[Round "1"]
[White "Doric,D"]
[Black "Badev,K"]
[Result "1/2-1/2"]
[WhiteElo "2470"]
[BlackElo "2302"]

1.d4 Nf6 2.Bg5 c5 3.Bxf6 gxf6 4.d5 Qb6 5.Qc1 f5 6.c4 Bg7 7.Nc3 d6 8.e3 Qa5
9.Bd3 Nd7 10.Nf3 e6 11.O-O a6 12.e4 Bxc3 13.bxc3 fxe4 14.Bxe4 Nf6 15.Re1 e5
16.Qh6 Qd8 17.Bc2 Ng4 18.Qd2 Qf6 19.h3 Nh6 20.Ng5 Bf5 21.Ba4+ Kf8 22.h4 Kg7
23.Re3 Rhg8 24.Rg3 Kh8 25.Re1 Bg6 26.Rf3 Qg7 27.Bd7 b5 28.cxb5 axb5 29.Bxb5 Bh5
30.Rg3 Nf5 31.Rh3 f6 32.Bd3 Nh6 33.f4 exf4 34.Ne6 Qa7 35.Qxf4 c4+ 36.Kh1 Ng4
37.Bxc4 Nf2+ 38.Kh2 Ng4+ 39.Kh1 Nf2+ 40.Kh2 Ng4+  1/2-1/2

[Event "Open A"]
[Site "Zadar CRO"]
[Date "2007.12.17"]
[Round "3"]
[White "Miladinovic,I"]
[Black "Cvitan,O"]
[Result "1/2-1/2"]
[WhiteElo "2603"]
[BlackElo "2543"]

1.d4 Nf6 2.Bg5 d5 3.e3 e6 4.Nd2 Be7 5.Bd3 Nbd7 6.f4 c5 7.c3 h6 8.Bh4 b6 9.Ngf3 Bb7
10.Ne5 O-O 11.O-O Ne4 12.Bxe7 Qxe7 13.Ndf3 Nxe5 14.Nxe5 Qe8 15.a4 f6 16.Nf3 a5
17.Nd2 Nd6 18.Qe2 Bc6 19.b3 Qe7 20.dxc5 bxc5 21.e4 c4 22.bxc4 dxe4 23.Nxe4 Nxe4
24.Bxe4 Bxe4 25.Qxe4 Rac8 26.Kh1 Rc5 27.Rad1 Rfc8 28.Rd4 Qe8 29.h3 Qc6 30.Qg6 Rxc4
31.Rfd1 Rxd4 32.Rxd4 Qxc3 33.Qe4 Qc6 34.Qd3 e5 35.fxe5 fxe5 36.Re4 Kh8 37.Kh2 Rf8
38.Qe3 Qc7 39.Kg1 Qc2 40.Kh2 Rf2 41.Rg4 Qf5 42.Qa7 Qf6 43.Qxa5 Rf4 44.Rg3 h5
45.Re3 Rd4 46.Qxe5 Qxe5+ 47.Rxe5 Rxa4 48.Rxh5+ Kg8 49.Rf5 Kh7 50.Kg3 Kg6
51.Rf4 Ra3+ 52.Kg4 Ra2 53.g3 Ra3 54.Rb4 Kh6 55.h4 g6 56.Kf4 Ra5 57.Re4 g5+
58.hxg5+ Rxg5 59.Re6+ Kh5  1/2-1/2

[Event "Abierto"]
[Site "Pamplona ESP"]
[Date "2007.12.23"]
[Round "3"]
[White "Barrantes Munoz,H"]
[Black "Llaneza Vega,M"]
[Result "1/2-1/2"]
[WhiteElo "2170"]
[BlackElo "2426"]

1.d4 Nf6 2.Bg5 c5 3.Nc3 cxd4 4.Qxd4 Nc6 5.Qh4 e6 6.e4 Be7 7.f4 Qb6 8.O-O-O Qe3+
9.Kb1 Nxe4 10.Nxe4 Qxe4 11.Bxe7 Nxe7 12.Bd3 Qd4 13.Nf3 Qf6 14.Qh5 Ng6 15.g3 O-O
16.Ng5 h6 17.Nxf7 Kxf7 18.f5 exf5 19.Bxf5 Kg8 20.Bxg6 d6 21.Bd3 Be6 22.Rhf1 Qg5
23.Qxg5 hxg5 24.b3 d5 25.Kb2 Rf6 26.Kc3 Kf7 27.Rd2 Ke7 28.Rxf6 gxf6 29.Kd4 Rh8
30.Re2 Kd6 31.Rf2 Rh6 32.a4 Bd7 33.c3 b6 34.Bc2 Bg4 35.Bf5 Bd1 36.Bc2 Bg4
37.Bf5 Bh5 38.Rf1 Bf7 39.Rf2 Bh5 40.Rf1 Be8 41.Re1 Bf7 42.h3 Rh8 43.Rf1 Rd8
44.Bg4 Ke7 45.Re1+ Kf8 46.h4 gxh4 47.gxh4 Bg6 48.Re6 Kf7 49.Rc6 Bc2 50.b4 Bxa4
51.Rc7+ Kg6 52.Rxa7 Bc2 53.Bf3 Kf5 54.Rb7 Be4 55.Be2 Rd6 56.Rg7 Kf4 57.Rg4+ Kf5
58.Rg7 Kf4 59.Rg4+ Kf5  1/2-1/2

[Event "Abierto"]
[Site "Pamplona ESP"]
[Date "2007.12.26"]
[Round "6"]
[White "Mellado Trivino,J"]
[Black "Blazquez Gomez,M"]
[Result "1-0"]
[WhiteElo "2410"]
[BlackElo "2099"]

1.d4 Nf6 2.Bg5 c5 3.d5 Na6 4.Nc3 d6 5.e4 Bd7 6.f4 Qa5 7.Qd2 b5 8.Bxf6 gxf6
9.Nxb5 Nb4 10.Na3 f5 11.c3 Na6 12.Nc4 Qc7 13.e5 Qb7 14.exd6 exd6 15.Qe2+ Kd8
16.O-O-O Rb8 17.Qh5 Kc7 18.Qxf7 h5 19.Bd3 Re8 20.Bxf5 Nb8 21.Bxd7 Nxd7 22.Qxe8 Qa6
23.Na3 Bg7 24.Qe2 Qa4 25.Qc4 Qa5 26.Qb5 Bxc3 27.Qxa5+ Bxa5 28.Nc4  1-0

[Event "Abierto"]
[Site "Pamplona ESP"]
[Date "2007.12.27"]
[Round "7"]
[White "Navarro Cia,M"]
[Black "Escofet Llongueras,J"]
[Result "1-0"]
[WhiteElo "2359"]
[BlackElo "1887"]

1.d4 Nf6 2.Bg5 g6 3.Bxf6 exf6 4.c4 c5 5.e3 Bg7 6.Nc3 a6 7.dxc5 O-O 8.Nge2 Qa5
9.Qd6 Nc6 10.Nd4 f5 11.O-O-O Re8 12.Nb3 Qd8 13.Qd2 b6 14.cxb6 Qxb6 15.c5 Qb7
16.Bc4 Rb8 17.Bd5 Qc7 18.Kb1 Nb4 19.g3 a5 20.Bf3 Qa7 21.Na4 Ba6 22.Be2 Bxe2
23.Qxe2 Qb7 24.Qc4 Qc6 25.Nb6 Rxb6 26.Nxa5 Nxa2 27.Nxc6 Rxb2+ 28.Ka1 Ra8
29.Nd4 Rb4 30.Qxa2  1-0

[Event "37th Rilton Cup"]
[Site "Stockholm SWE"]
[Date "2007.12.27"]
[Round "1"]
[White "Eriksson,Jor"]
[Black "Fontaine,R"]
[Result "0-1"]
[WhiteElo "2238"]
[BlackElo "2562"]

1.d4 Nf6 2.Bg5 c5 3.d5 Ne4 4.Bf4 Qb6 5.Nd2 Qxb2 6.Nxe4 Qb4+ 7.Qd2 Qxe4 8.Nf3 Na6
9.e3 Nb4 10.c4 e5 11.Bxe5 d6 12.Bc3 Nc2+ 13.Kd1 Nxa1 14.Bd3 Qg4 15.Rg1 Be7
16.h3 Qh5 17.Bxg7 Rg8 18.Qb2 f6 19.Bxf6 Rxg2 20.Rxg2 Qxf3+ 21.Be2 Qxg2 22.Bxe7 Kxe7  0-1

[Event "37th Rilton Cup"]
[Site "Stockholm SWE"]
[Date "2007.12.30"]
[Round "4"]
[White "Bellon Lopez,JuM"]
[Black "Cicak,S"]
[Result "0-1"]
[WhiteElo "2434"]
[BlackElo "2569"]

1.d4 Nf6 2.Bg5 c5 3.Bxf6 gxf6 4.d5 Qb6 5.Qc1 f5 6.e3 d6 7.c3 Nd7 8.Na3 a6
9.Nc4 Qc7 10.a4 Nf6 11.Qd1 e6 12.dxe6 fxe6 13.a5 Bd7 14.Nh3 Bc6 15.Nf4 Kf7
16.Be2 Rd8 17.Nb6 d5 18.Bh5+ Ke7 19.Bf3 Qd6 20.c4 d4 21.O-O Bh6 22.g3 dxe3
23.Qxd6+ Rxd6 24.Bxc6 exf2+ 25.Rxf2 Rxc6 26.Rd2 Bxf4 27.gxf4 Rg8+ 28.Rg2 Rg6
29.Ra3 Nh5 30.Rf3 Kd8 31.Na4 Rc7 32.h4 Rg4 33.Kf1 Ke7 34.Nb6 Kf6 35.Rxg4 fxg4
36.Rd3 Ke7 37.f5 Nf4 38.Re3 Kd6 39.fxe6 Nxe6 40.h5 Ng7 41.Rd3+ Ke5 42.Rd5+ Kf4
43.Na4 Nf5 44.Nc3 Ne3+ 45.Kf2 Rf7 46.Rxc5 g3+ 47.Ke1 g2 48.Ne2+ Ke4 49.Rg5 Rf1+
50.Kd2 Rd1+ 51.Kc3 Kf3  0-1

[Event "Premier"]
[Site "Hastings ENG"]
[Date "2008.01.05"]
[Round "9"]
[White "Satyapragyan,S"]
[Black "Poobalasingam,P"]
[Result "1-0"]
[WhiteElo "2404"]
[BlackElo "2158"]

1.d4 Nf6 2.Bg5 d5 3.Bxf6 exf6 4.e3 Bd6 5.g3 c6 6.Bg2 Be6 7.Nd2 Na6 8.Ne2 Qd7
9.c3 Bh3 10.Bxh3 Qxh3 11.Qb3 Qd7 12.c4 dxc4 13.Nxc4 Bb4+ 14.Nc3 b5 15.Nd2 c5
16.a3 c4 17.Qc2 Be7 18.O-O O-O 19.a4 Nb4 20.Qe4 f5 21.Qf3 Nd3 22.axb5 Rac8
23.Nd5 Bb4 24.Nb1 Ne1 25.Qh1 Nc2 26.Ra2 Qxb5 27.Nbc3 Bxc3 28.bxc3 Qb3 29.Rxa7 Rb8
30.Qf3 Na3 31.Qxf5 Nb5 32.Ra5 h6 33.Rb1 Nxd4 34.Ne7+  1-0

[Event "XXXIII Open"]
[Site "Sevilla ESP"]
[Date "2008.01.06"]
[Round "2"]
[White "Nederveld,D"]
[Black "Zhao Zong Yuan"]
[Result "0-1"]
[WhiteElo "2046"]
[BlackElo "2487"]

1.d4 Nf6 2.Bg5 d5 3.Nd2 Nbd7 4.Ngf3 g6 5.e3 Bg7 6.Bd3 O-O 7.O-O c5 8.c3 b6
9.Rc1 Bb7 10.b4 Ne4 11.Bh4 h6 12.Bb1 g5 13.Bg3 f5 14.Be5 Nxe5 15.Nxe5 Bxe5
16.dxe5 Nxd2 17.Qxd2 e6 18.Qe2 Kg7 19.Rfd1 Qe7 20.a3 g4 21.Qb2 Rac8 22.bxc5 Rxc5
23.c4 Rd8 24.Qd4 Rdc8 25.Qb2 Rxc4 26.Rxc4 Rxc4 27.Bd3 Rc7 28.Rc1 Rxc1+ 29.Qxc1 Qc5
30.Qc2 Bc6 31.h3 gxh3 32.gxh3 a5 33.h4 Qxc2 34.Bxc2 b5 35.Kf1 b4 36.axb4 axb4
37.Ke1 Kg6 38.Bd1 Bb5 39.Kd2 Bc4 40.f4 Kf7 41.Kc2 Ke7 42.Bh5 Kd7 43.Bf7  0-1

[Event "ITT"]
[Site "Villa Martelli Verano ARG"]
[Date "2008.01.07"]
[Round "4"]
[White "Mayorga,N"]
[Black "Della Morte,P"]
[Result "1/2-1/2"]
[WhiteElo "2274"]
[BlackElo "2288"]

1.d4 Nf6 2.Bg5 d5 3.Nc3 Nbd7 4.Qd2 e6 5.f3 c5 6.e3 Be7 7.O-O-O a5 8.e4 cxd4
9.Qxd4 e5 10.Qd2 d4 11.Nce2 Nxe4 12.Bxe7 Nxd2 13.Bxd8 Nxf1 14.Rxf1 Kxd8 15.f4 f6
16.fxe5 fxe5 17.Nf3 Re8 18.Ng3 Kc7 19.Re1 b5 20.Nxd4 Bb7 21.Nf3 Bxf3 22.gxf3 Rf8
23.Re3 Rf4 24.Rc3+ Kb6 25.Rd1 Rd4 26.Rxd4 exd4 27.Rd3 Ne5 28.Rxd4 Nxf3 29.Rd7 Re8
30.c3 Re1+ 31.Kc2 Rg1 32.Rxg7 Rg2+ 33.Kb1 Rxh2 34.Ne4 Re2 35.Rf7 Rxe4 36.Rxf3 h5  1/2-1/2

[Event "6th Parsvnath Open"]
[Site "New Delhi IND"]
[Date "2008.01.13"]
[Round "1"]
[White "Manjunath,J1"]
[Black "Thipsay,P"]
[Result "0-1"]
[WhiteElo "1903"]
[BlackElo "2473"]

1.d4 Nf6 2.Bg5 g6 3.Bxf6 exf6 4.e3 Bg7 5.Nf3 f5 6.Bd3 d6 7.Nbd2 Nd7 8.c4 O-O
9.O-O Nf6 10.Qc2 b6 11.d5 Ng4 12.h3 Ne5 13.Nxe5 dxe5 14.f4 Qd6 15.e4 fxe4
16.Nxe4 Qe7 17.fxe5 Qxe5 18.Nc3 Bxh3 19.gxh3 Qg3+ 20.Kh1 Qxh3+ 21.Kg1 Bd4+
22.Rf2 Qg3+  0-1

[Event "Open A"]
[Site "Prague CZE"]
[Date "2008.01.13"]
[Round "3"]
[White "Mertanen,J"]
[Black "Dolezal,R1"]
[Result "1-0"]
[WhiteElo "2290"]
[BlackElo "2423"]

1.d4 Nf6 2.Bg5 c5 3.d5 Qb6 4.Nc3 Qxb2 5.Bd2 Qb6 6.e4 d6 7.f4 g6 8.e5 dxe5
9.fxe5 Nfd7 10.Nf3 Bg7 11.Rb1 Qd8 12.e6 fxe6 13.Ng5 O-O 14.Nxe6 Qe8 15.Nxf8 Qxf8
16.Be2 Qf6 17.Bg4 Na6 18.Ne4 Qd4 19.Be6+ Kh8 20.Qe2 Nf6 21.Nxf6 Bxf6 22.c3 Qh4+
23.g3 Qa4 24.Bxc8 Rxc8 25.O-O Qd7 26.c4 b6 27.Rb3 Nc7 28.Bc3 Kg7 29.Bxf6+ exf6
30.Re3 Re8 31.Re1 Rxe3 32.Qxe3 Kf7 33.Qh6 Kg8 34.Qf4 Kf7 35.g4 Ne8 36.Re6 Qa4
37.g5 f5 38.Re1 Qc2 39.Qe5 Ng7 40.Qf6+ Kg8 41.Qd8+  1-0

[Event "6th Parsvnath Open"]
[Site "New Delhi IND"]
[Date "2008.01.15"]
[Round "5"]
[White "Rahman,Zia"]
[Black "Kurnosov,I"]
[Result "0-1"]
[WhiteElo "2492"]
[BlackElo "2577"]

1.d4 Nf6 2.Bg5 c5 3.Bxf6 gxf6 4.d5 Qb6 5.Qc1 f5 6.c4 Bh6 7.Qc2 d6 8.Nc3 Nd7
9.e3 e5 10.Nge2 e4 11.Nf4 Ne5 12.Be2 Bd7 13.a3 Qd8 14.Qb3 Rb8 15.O-O O-O
16.f3 exf3 17.Bxf3 Qe7 18.Kh1 Rfe8 19.Rae1 Kh8 20.a4 a6 21.Bd1 Ng6 22.Re2 Bg7
23.a5 Ne5 24.Ref2 Qd8 25.e4 Qxa5 26.exf5 Bxf5 27.Nh5 Bg6 28.Nxg7 Kxg7 29.Ne2 Ng4
30.Rf3 Qb4 31.Ng3 Qxb3 32.Bxb3 b5 33.cxb5 axb5 34.h3 Ne3 35.Re1 Nc4 36.Rxe8 Rxe8
37.Bxc4 bxc4 38.Rf4 Rb8 39.Rf2 Rb3 40.Kh2 Rd3 41.Rf4 Rd4 42.Rg4 Rxg4 43.hxg4 Kf6
44.Ne2  0-1

[Event "ASEAN Masters Circuit GMB"]
[Site "Tarakan INA"]
[Date "2008.01.18"]
[Round "10"]
[White "Prayitno,S"]
[Black "Barus,C"]
[Result "1-0"]
[WhiteElo "2312"]
[BlackElo "2479"]

1.d4 Nf6 2.Bg5 d5 3.Bxf6 exf6 4.e3 Bd6 5.c4 dxc4 6.Bxc4 O-O 7.Nc3 a6 8.Qf3 Nd7
9.Bd3 Re8 10.Nge2 Rb8 11.h4 Nf8 12.g4 Bd7 13.O-O-O c5 14.dxc5 Bxc5 15.g5 Bc6
16.Be4 Bxe4 17.Nxe4 Qe7 18.N2g3 fxg5 19.hxg5 Rbc8 20.Kb1 Rc6 21.Rh5 Bd6 22.Nxd6 Rxd6
23.Rdh1 Rg6 24.Qg4 Qe6 25.Qh4 b5 26.e4 b4 27.f3 f6 28.Nf5 fxg5 29.Rxg5 a5
30.Rxg6 Qxg6 31.Ne7+ Rxe7 32.Qxe7 h6 33.Rc1 Qg2 34.f4 Ng6 35.Qe6+ Kh7 36.f5 Nf4
37.Qc4 Qd2 38.f6 Nd3 39.Qc2  1-0

[Event "IMB1"]
[Site "Marianske Lazne CZE"]
[Date "2008.01.19"]
[Round "1"]
[White "Thorfinnsson,Bj"]
[Black "Plischki,S"]
[Result "1/2-1/2"]
[WhiteElo "2364"]
[BlackElo "2358"]

1.d4 Nf6 2.Bg5 c5 3.d5 Qb6 4.Bxf6 Qxf6 5.c3 d6 6.e4 Nd7 7.Nd2 g5 8.h4 h6
9.hxg5 hxg5 10.Rxh8 Qxh8 11.Nh3 Qh6 12.Qg4 Nf6 13.Bb5+ Kd8 14.Qg3 g4 15.Nf4 Qg5
16.Qe3 Bh6 17.g3 Nh5 18.Ng2 Qxe3+ 19.fxe3 Bd7 20.Bxd7 Kxd7 21.Kf2 Nf6 22.Nf4 e6
23.Rh1 Bg7 24.Nh5 Nxh5 25.Rxh5 Rh8 26.Rxh8 Bxh8 27.Nf1 Ke7 28.Nh2 exd5 29.exd5 f5
30.e4 Kf6 31.Ke3 Bg7 32.Kd3 b5 33.b3 Kg5 34.exf5 Kxf5 35.c4  1/2-1/2

[Event "115th ch-NZL"]
[Site "Auckland NZL"]
[Date "2008.01.20"]
[Round "8"]
[White "Hart,R"]
[Black "Hartvig,O"]
[Result "1/2-1/2"]
[WhiteElo "2174"]
[BlackElo "2233"]

1.d4 Nf6 2.Bg5 c5 3.d5 Ne4 4.Bf4 d6 5.c3 Nf6 6.e4 g6 7.Bd3 Bg7 8.Nf3 O-O
9.O-O b5 10.Nbd2 c4 11.Bc2 Bb7 12.Nd4 a6 13.a4 Qd7 14.axb5 axb5 15.Rxa8 Bxa8
16.Qa1 Bb7 17.Qa5 Ba6 18.Ra1 e5 19.dxe6 fxe6 20.Bg3 Nh5 21.Qb6 Nxg3 22.hxg3 e5
23.Nc6 Qb7 24.Qxb7 Bxb7 25.Ne7+ Kh8 26.Ra7 Ba6 27.Nc6 Bh6 28.Nb1 Nxc6 29.Rxa6 Rc8
30.Rb6 b4 31.Ba4 Ra8 32.Bxc6 Ra1 33.Rxb4 Rxb1+ 34.Kh2 Bc1 35.Rb8+ Kg7 36.Rb7+ Kh8
37.Rb8+  1/2-1/2

[Event "Kots Mem"]
[Site "Donetsk UKR"]
[Date "2008.01.20"]
[Round "3"]
[White "Kamenets,A"]
[Black "Kuchkin,M"]
[Result "0-1"]
[WhiteElo "2293"]
[BlackElo "2086"]

1.d4 d5 2.Bg5 Nf6 3.e3 c6 4.Bd3 Nbd7 5.Nf3 e6 6.O-O Be7 7.c4 O-O 8.Nc3 Re8
9.Qc2 h6 10.Bf4 dxc4 11.Bxc4 Nb6 12.Bb3 Nh5 13.Be5 Bd6 14.Ne4 Be7 15.Rfd1 Nd5
16.h3 Nhf6 17.Ng3 a5 18.a3 Bd7 19.e4 Nb6 20.Bf4 Rc8 21.Be3 Qc7 22.Rac1 Red8
23.Ba2 Be8 24.Ne2 Nbd7 25.Nc3 Qb8 26.Bb1 Nf8 27.Na4 b6 28.Qb3 c5 29.dxc5 Rxd1+
30.Rxd1 Bxa4 31.Qxa4 Bxc5 32.Bd2 Ng6 33.b4 axb4 34.axb4 b5 35.Qa1 Bb6 36.Kf1 Rd8
37.Bc2 Qc7 38.Qb2 Qc4+ 39.Ke1 Nxe4 40.Be3 Rxd1+ 41.Kxd1 Qf1+ 42.Ne1 Nxf2+
43.Bxf2 Bxf2 44.Qc3 Bxe1 45.Qxe1 Qxe1+ 46.Kxe1 Nf4 47.Kd2 Nd5 48.Bd3 Nxb4
49.Bxb5 Nd5 50.Ke1 f5 51.h4 Kf7 52.Kf2 Kf6 53.g3 e5 54.Bc4 Nc3 55.Ba6 Ne4+
56.Kf3 Nd6 57.Ke3 g5 58.hxg5+ hxg5 59.Be2 Ne4 60.Kf3 Nc3 61.Bc4 e4+ 62.Kf2 Ke5
63.Ke3 Nd5+ 64.Kf2 Kd4 65.Bb3 Nc3 66.Be6 f4 67.gxf4 gxf4 68.Bf5 f3 69.Bg4 Nd1+
70.Ke1 f2+ 71.Ke2 f1=Q+ 72.Kxf1 Ne3+ 73.Ke2 Nxg4  0-1

[Event "6th Gibtelecom Masters"]
[Site "Gibraltar ENG"]
[Date "2008.01.22"]
[Round "1"]
[White "Bigg,A"]
[Black "Dimitrov,Pa"]
[Result "0-1"]
[WhiteElo "2231"]
[BlackElo "2448"]

1.d4 Nf6 2.Bg5 c5 3.Bxf6 gxf6 4.d5 Qb6 5.Qc1 d6 6.c4 f5 7.Nc3 Bg7 8.e3 Nd7
9.Nge2 Ne5 10.Nf4 Qb4 11.Nh5 Rg8 12.a3 Qb3 13.Nxg7+ Rxg7 14.Qd1 Qxd1+ 15.Rxd1 Bd7
16.h3 a6 17.f4 Ng6 18.Kf2 h6 19.Be2 Rb8 20.a4 Kd8 21.h4 Nf8 22.Rh3 Nh7 23.Rg3 Rxg3
24.Kxg3 Nf6 25.Kf2 Kc7 26.Rb1 e6 27.b3 exd5 28.Nxd5+ Nxd5 29.cxd5 Kb6 30.Bd3 Ka5
31.e4 fxe4 32.Bxe4 Kb4 33.Bc2 Kc3  0-1